Palabras sobre la ciudad que nace
Gardado en:
| Autor Principal: | |
|---|---|
| Outros autores: | |
| Formato: | Libro |
| Idioma: | Lingua castelá |
| Publicado: |
Madrid
Biblioteca nueva
2006
|
| Subjects: | |
| Tags: |
Engadir etiqueta
Sen Etiquetas, Sexa o primeiro en etiquetar este rexistro!
|
MARC
| LEADER | 00000nam a2200000 a 4500 | ||
|---|---|---|---|
| 001 | UCJ2859 | ||
| 003 | CL-VaPUC | ||
| 008 | 070119e20060000SP |||||||||||||||||spa|d | ||
| 020 | |a 8497425383 | ||
| 082 | 0 | 4 | |a 720.1 |b FER |2 21 |
| 100 | 0 | |a Fernández de Alba, Antonio |e author |9 503888 | |
| 700 | |a Lledó Iñigo, Emilio |e autor |9 503889 | ||
| 245 | 1 | 0 | |a Palabras sobre la ciudad que nace |
| 300 | |a 110 p | ||
| 942 | |c BK | ||
| 945 | |d 20070119 00:00:00 |a jtorresc | ||
| 260 | |a Madrid |b Biblioteca nueva |c 2006 | ||
| 500 | |a Donación de la Dra. Marianne Peronard Thierry | ||
| 650 | 0 | |a Arquitectura |9 804558 | |
| 650 | 0 | |a Urbanismo |9 255208 | |
| 650 | 0 | |a Ciudades |9 265474 | |
| 583 | |a last modification |c 20070119 00:00:00 |k Rodrigo Vera | ||
| 999 | |c 318988 |d 318986 | ||
| 952 | |0 0 |1 0 |4 0 |6 720_100000000000000_FER_2006 |7 0 |8 A |9 397212 |a FDOPOS |b FDOPOS |d 2019-11-22 |i 4317440 |o 720.1 FER 2006 |p 4317440 |r 2025-01-22 |w 2019-11-22 |y BK |k MLA | ||
| 952 | |0 0 |1 0 |4 0 |6 720_100000000000000_FER_2006 |7 0 |8 A |9 397213 |a FDOPOS |b FDOPOS |d 2019-11-22 |i 4317939 |o 720.1 FER 2006 |p 4317939 |r 2025-01-22 |w 2019-11-22 |y BK |k MLA | ||